The Effect of unemployment and related on the duration of unemployment (Registro nro. 26575)

Detalles MARC
000 -LEADER
fixed length control field 00356 a2200109 4500
001 - CONTROL NUMBER
control field ART_12682
005 - DATE AND TIME OF LATEST TRANSACTION
control field 20260410161908.0
008 - FIXED-LENGTH DATA ELEMENTS--GENERAL INFORMATION
fixed length control field 260409a
100 1# - MAIN ENTRY--PERSONAL NAME
Personal name Nickell, S. J.
245 10 - TITLE STATEMENT
Title The Effect of unemployment and related on the duration of unemployment
773 0# - HOST ITEM ENTRY
Title The Economic Journal
Related parts - Vol. 89, Nº 353 (mar. 1979)
Record control number REV12512

No hay ítems disponibles.